Tout les pilotes des 24h du Mans 2024 - Statistiques

Statistiques générales
  • Ce quiz a été pris 77 fois
  • Le résultat moyen est 28 sur 186
Statistiques - réponses
Classement Général Classement catégorie Voiture Nationalité Pilote % Correct
3eme 3eme(Hypercar) Ferrari AF Corse #51 Italie Antonio Giovinazzi
87%
4eme 4eme(Hypercar) Porsche Penske #6 France Kévin Estre
83%
5eme 5eme(Hypercar) Toyota Gazoo Racing #8 Suisse Sébastien Buemi
83%
2eme 2eme(Hypercar) Toyota Gazoo Racing #7 Japon Kamui Kobayashi
74%
4eme 4eme(Hypercar) Porsche Penske #6 Belgique Laurens Vanthoor
72%
58eme 21eme(Hypercar) BMW M Team WRT #15 Belgique Dries Vanthoor
70%
1er 1er(Hypercar) Ferrari AF Corse #50 Danemark Nicklas Nielsen
70%
2eme 2eme(Hypercar) Toyota Gazoo Racing #7 Pays-Bas Nyck de Vries
69%
48eme 18eme(Hypercar) AF Corse #83 Pologne Robert Kubica
67%
1er 1er(Hypercar) Ferrari AF Corse #50 Espagne Miguel Molina
65%
3eme 3eme(Hypercar) Ferrari AF Corse #51 Italie Alessandro Pier Guidi
63%
4eme 4eme(Hypercar) Porsche Penske #6 Allemagne André Lotterer
63%
1er 1er (Hypercar) Ferrari AF Corse #50 Italie Antonio Fuoco
63%
5eme 5eme(Hypercar) Toyota Gazoo Racing #8 Nouvelle-Zélande Brendon Hartley
61%
2eme 2eme(Hypercar) Toyota Gazoo Racing #7 Argentine José María López
61%
9eme 9eme(Hypercar) Hertz Team Jota #38 Royaume-Uni Jenson Button
56%
5eme 5eme(Hypercar) Toyota Gazoo Racing #8 Japon Ryō Hirakawa
56%
49eme 19eme(Hypercar) Cadillac Racing #3 France Sébastien Bourdais
54%
13eme 13eme(Hypercar) Lamborghini Iron Lynx #19 France Romain Grosjean
50%
12eme 12eme(Hypercar) Peugeot TotalEnergies #93 France Jean-Éric Vergne
46%
3eme 3eme(Hypercar) Ferrari AF Corse #51 Royaume-uni James Calado
43%
57eme 22eme(LMGT3) Team WRT #46 Italie Valentino Rossi
41%
10eme 10eme(Hypercar) Lamborghini Iron Lynx #63 Russie Daniil Kvyat
39%
11eme 11eme(Hypercar) Peugeot TotalEnergies #94 France Loïc Duval
39%
6eme 6eme(Hypercar) Porsche Penske #5 Danemark Michael Christensen
39%
52eme 20eme(Hypercar) Porsche Penske #4 France Mathieu Jaminet
35%
6eme 6eme(Hypercar) Porsche Penske #5 Australie Matt Campbell
35%
59eme 22eme(Hypercar) Alpine Endurance Team #36 Allemagne Mick Schumacher
35%
11eme 11eme(Hypercar) Peugeot TotalEnergies #94 Belgique Stoffel Vandoorne
33%
6eme 6eme(Hypercar) Porsche Penske #5 France Frédéric Makowiecki
31%
11eme 11eme(Hypercar) Peugeot TotalEnergies #94 Royaume-Uni Paul di Resta
31%
7eme 7eme(Hypercar) Cadillac Racing #2 Nouvelle-Zélande Earl Bamber
30%
32eme 5eme(LMGT3) Iron Dames #85 Belgique Sarah Bovy
30%
48eme 18eme(Hypercar) AF Corse #83 Chine Ye Yifei
30%
8eme 8eme(Hypercar) Hertz Team Jota #12 France Norman Nato
28%
61eme 23eme(Hypercar) Alpine Endurance Team #35 France Paul-Loup Chatin
28%
32eme 5eme(LMGT3) Iron Dames #85 Suisse Rahel Frey
28%
34eme 7eme(LMGT3) Akkodis ASP Team #78 Afrique du Sud Kelvin van der Linde
26%
47eme 17eme(Hypercar) BMW M Team WRT #20 Afrique du Sud Sheldon van der Linde
26%
32eme 5eme(LMGT3) Iron Dames #85 Danemark Michelle Gatting
24%
61eme 23eme(Hypercar) Alpine Endurance Team #35 France Charles Milesi
22%
8eme 8eme(Hypercar) Hertz Team Jota #12 Royaume-Uni Will Stevens
22%
7eme 7eme(Hypercar) Cadillac Racing #2 Royaume-Uni Alex Lynn
20%
29eme 15eme(Hypercar) Whelen Cadillac Racing #311 Royaume-Uni Jack Aitken
20%
12eme 12eme(Hypercar) Peugeot TotalEnergies #93 Danemark Mikkel Jensen
20%
12eme 12eme(Hypercar) Peugeot TotalEnergies #93 Suisse Nico Müller
20%
25eme 11eme(LMP2) Nielsen Racing #24 Danemark David Heinemeier Hansson
19%
52eme 20eme(Hypercar) Porsche Penske #4 Bresil Felipe Nasr
19%
61eme 23eme(Hypercar) Alpine Endurance Team #35 Autriche Ferdinand Habsburg
19%
59eme 22eme(Hypercar) Alpine Endurance Team #36 France Matthieu Vaxiviere
19%
59eme 22eme(Hypercar) Alpine Endurance Team #36 France Nicolas Lapierre
19%
9eme 9eme(Hypercar) Hertz Team Jota #38 Royaume-Uni Phil Hanson
19%
45eme 16eme(Hypercar) Proton Competition #99 France Julien Andlauer
17%
57eme 22eme(LMGT3) Team WRT #46 Belgique Maxime Martin
17%
45eme 16eme(Hypercar) Proton Competition #99 Suisse Neel Jani
17%
7eme 7eme(Hypercar) Cadillac Racing #2 Espagne Álex Palou
15%
42eme 13eme(LMP2) United Autosports USA #23 USA Ben Keating
15%
49eme 19eme(Hypercar) Cadillac Racing #3 Pays-Bas Renger van der Zande
15%
57eme 22eme(LMGT3) Team WRT #46 Oman Ahmad Al Harthy
13%
52eme 20eme(Hypercar) Porsche Penske #4 Royaume-Uni Nick Tandy
13%
58eme 21eme(Hypercar) BMW M Team WRT #15 Italie Raffaele Marciello
13%
49eme 19eme(Hypercar) Cadillac Racing #3 Nouvelle-Zelande Scott Dixon
13%
28eme 2eme(LMGT3) Team WRT #31 Indonésie Sean Gelael
13%
34eme 7eme(LMGT3) Akkodis ASP Team #78 France Arnold Robin
11%
38eme 11eme(LMGT3) TF Sport #82 Espagne Daniel Juncadella
11%
10eme 10eme(Hypercar) Lamborghini Iron Lynx #63 Suisse Edoardo Mortara
11%
18eme 4eme(LMP2) AF Corse #183 France François Perrodo
11%
29eme 15eme(Hypercar) Whelen Cadillac Racing #311 Brésil Pipo Derani
11%
48eme 18eme(Hypercar) AF Corse #83 Israel Robert Shwartzman
11%
13eme 13eme(Hypercar) Lamborghini Iron Lynx #19 Italie Andrea Caldarelli
9%
29eme 15eme(Hypercar) Whelen Cadillac Racing #311 Brésil Felipe Drugovich
9%
42eme 13eme(LMP2) United Autosports USA #23 Portugal Filipe Albuquerque
9%
33eme 6eme(LMGT3) Vista AF Corse #55 France François Hériau
9%
20eme 6eme(LMP2) AO Racing #14 Suisse Louis Delétraz
9%
10eme 10eme(Hypercar) Lamborghini Iron Lynx #63 Italie Mirko Bortolotti
9%
51eme 19eme(LMGT3) United Autosports #95 Chili Nicolas Pino
9%
47eme 17eme(Hypercar) BMW M Team WRT #20 Allemagne René Rast
9%
62eme 23eme(LMGT3) Vista AF Corse #54 Italie Davide Rigon
7%
37eme 10eme(LMGT3) Akkodis ASP Team #78 France Esteban Masson
7%
14eme 14eme(Hypercar) Isotta Fraschini #11 France Jean-Karl Vernay
7%
35eme 8eme(LMGT3) Spirit of Race #155 USA Jordan Taylor
7%
26eme 12eme(LMP2) Cool Racing #37 Danemark Malthe Jakobsen
7%
51eme 19eme(LMGT3) United Autosports #95 Japon Marino Sato
7%
15eme 1er(LMP2) United Autosports #22 Royaume-Uni Oliver Jarvis
7%
33eme 6eme(LMGT3) Vista AF Corse #55 Italie Alessio Rovera
6%
41eme 14eme(LMGT3) Manthey Pure Rxcing #92 Biélorussie Alex Malykhin
6%
18eme 4eme(LMP2) AF Corse #183 Royaume-Uni Ben Barnicoat
6%
42eme 13eme(LMP2) United Autosports USA #23 Royaume-Uni Ben Hanley
6%
8eme 8eme(Hypercar) Hertz Team Jota #12 Royaume-Uni Callum Ilott
6%
16eme 2eme(LMP2) Inter Europol Competition #34 France Clément Novalak
6%
30eme 3eme(LMGT3) Proton Compétition #88 Norvège Dennis Olsen
6%
45eme 16eme(Hypercar) Proton Competition #99 Royaume-Uni Harry Tincknell
6%
58eme 21eme(Hypercar) BMW M Team WRT #15 Allemagne Marco Wittmann
6%
18eme 4eme(LMP2) AF Corse #183 Argentine Nicolás Varrone
6%
39eme 12eme(LMGT3) GR Racing #86 Italie Riccardo Pera
6%
27eme 1er(LMGT3) Manthey EMA #91 Autriche Richard Lietz
6%
46eme 17eme(LMGT3) Proton Competition #77 USA Ryan Hardwick
6%
62eme 23eme(LMGT3) Vista AF Corse #54 Suisse Thomas Flohr
6%
27eme 1er(LMGT3) Manthey EMA #91 Australie Yasser Shahin
6%
53eme 20eme(LMGT3) Heart of Racing Team #27 Espagne Alex Riberas
4%
28eme 2eme(LMGT3)(LMGT3) Team WRT #31 Brésil Augusto Farfus
4%
46eme 17eme(LMGT3) Proton Competition #77 Royaume-Uni Ben Barker
4%
31eme 4eme(LMGT3) Proton Compétition #44 Royaume-Uni Ben Tuck
4%
14eme 14eme(Hypercar) Isotta Fraschini #11 Thaïlande Carl Bennett
4%
44eme 16eme(LMGT3) Iron Lynx #60 Italie Claudio Schiavoni
4%
28eme 2eme(LMGT3) Team WRT #31 Royaume-Uni Darren Leung
4%
25eme 11eme(LMP2) Nielsen Racing #24 Suisse Fabio Scherer
4%
62eme 23eme(LMGT3) Vista AF Corse #54 Italie Francesco Castellacci
4%
24eme 10eme(LMP2) Cool Racing #47 Danemark Frederik Vesti
4%
53eme 20eme(LMGT3) Heart of Racing Team #27 USA Ian James
4%
16eme 2eme(LMP2) Inter Europol Competition #34 Pologne Jakub Śmiechowski
4%
41eme 14eme(LMGT3) Manthey Pure Rxcing #92 Allemagne Joel Sturm
4%
41eme 14eme(LMGT3) Manthey Pure Rxcing #92 Autriche Klaus Bachler
4%
60eme 16eme(LMP2) Proton Competition #9 France Macéo Capietto
4%
36eme 9eme(LMGT3) D'Station Racing #777 Danemark Marco Sørensen
4%
54eme 14eme(LMP2) CrowdStrike Racing #45 Pays-Bas Nicky Catsburg
4%
50eme 18eme(LMGT3) United Autosports #59 Bresil Nicolas Costa
4%
15eme 1er(LMP2) United Autosports #22 USA Nolan Siegel
4%
9eme 9eme(Hypercar) Hertz Team Jota #38 Danemark Oliver Rasmussen
4%
19eme 5eme(LMP2) Vector Sport #10 France Patrick Pilet
4%
17eme 3eme(LMP2) IDEC Sport #28 France Paul Lafargue
4%
17eme 3eme(LMP2) IDEC Sport #28 France Reshad de Gerus
4%
47eme 17eme(Hypercar) BMW M Team WRT #20 Pays-Bas Robin Frijns
4%
43eme 15eme(LMGT3) TF Sport #81 Angola Rui Andrade
4%
56eme 21eme(LMGT3) JMW Motorsport #66 Turquie Salih Yoluç
4%
36eme 9eme(LMGT3) D'Station Racing #777 Japon Satoshi Hoshino
4%
34eme 7eme(LMGT3) Akkodis ASP Team #78 Russie Timur Boguslavskiy
4%
43eme 15eme(LMGT3) TF Sport #81 Belgique Tom van Rompuy
4%
14eme 14eme(Hypercar) Isotta Fraschini #11 Canada Antonio Serravalle
2%
60eme 16eme(LMP2) Proton Competition #9 Pays-Bas Bent Viscaal
2%
15eme 1er(LMP2) United Autosports #22 USA Bijoy Garg
2%
43eme 15eme(LMGT3) TF Sport #81 Irlande Charlie Eastwood
2%
31eme 4eme(LMGT3) Proton Compétition #44 Allemagne Christopher Mies
2%
35eme 8eme(LMGT3) Spirit of Race #155 Danemark Conrad Laursen
2%
53eme 20eme(LMGT3) Heart of Racing Team #27 Italie Daniel Mancinelli
2%
39eme 12eme(LMGT3) GR Racing #86 Brésil Daniel Serra
2%
36eme 9eme(LMGT3) D'Station Racing #777 France Erwan Bastard
2%
44eme 16eme(LMGT3) Iron Lynx #60 France Franck Perera
2%
50eme 18eme(LMGT3) United Autosports #59 Suisse Grégoire Saucy
2%
38eme 11eme(LMGT3) TF Sport #82 Japon Hiroshi Koizumi
2%
37eme 10eme(LMGT3) Akkodis ASP Team #78 Royaume-Uni Jack Hawksworth
2%
50eme 18eme(LMGT3) United Autosports #59 Royaume-Uni James Cottingham
2%
17eme 3eme(LMP2) IDEC Sport #28 Pays-Bas Job van Uitert
2%
35eme 8eme(LMGT3) Spirit of Race #155 Danemark Johnny Laursen
2%
60eme 16eme(LMP2) Proton Competition #9 Allemagne Jonas Ried
2%
26eme 12eme(LMP2) Cool Racing #37 Espagne Lorenzo Fluxá
2%
13eme 13eme(Hypercar) Lamborghini Iron Lynx #19 Italie Matteo Cairoli
2%
44eme 16eme(LMGT3) Iron Lynx #60 Italie Matteo Cressoni
2%
24eme 10eme(LMP2) Cool Racing #47 Royaume-Uni Matthew Bell
2%
27eme 1er(LMGT3) Manthey EMA #91 Pays-Bas Morris Schuring
2%
24eme 10eme(LMP2) Cool Racing #47 USA Naveen Rao
2%
20eme 6eme(LMP2) AO Racing #14 USA P.J Hyett
2%
21eme 7eme(LMP2) DKR Engineering #33 Autriche René Binder
2%
22eme 8eme(LMP2) Algarve Pro Racing #25 Canada Roman De Angelis
2%
19eme 5eme(LMP2) Vector Sport #10 Irlande Ryan Cullen
2%
38eme 11eme(LMGT3) TF Sport #82 France Sébastien Baud
2%
33eme 6eme(LMGT3) Vista AF Corse #55 USA Simon Mann
2%
19eme 5eme(LMP2) Vector Sport #10 Monaco Stéphane Richelmi
2%
46eme 17eme(LMGT3) Proton Competition #77 Canada Zacharie Robichon
2%
21eme 7eme(LMP2) DKR Engineering #33 Allemagne Alexander Mattschull
0%
20eme 6eme(LMP2) AO Racing #14 Royaume-Uni Alex Quinn
0%
40eme 13eme(LMGT3) Inception Racing #70 USA Brendan Iribe
0%
54eme 14eme(LMP2) CrowdStrike Racing #45 USA Colin Braun
0%
40eme 13eme(LMGT3) Inception Racing #70 Danemark Frederik Schandorff
0%
54eme 14eme(LMP2) CrowdStrike Racing #45 USA George Kurtz
0%
56eme 21eme(LMGT3) JMW Motorsport #66 Italie Giacomo Petrobelli
0%
30eme 3eme(LMGT3) Proton Compétition #88 Italie Giorgio Roda
0%
51eme 19eme(LMGT3) United Autosports #95 Japon Hiroshi Hamaguchi
0%
55eme 15eme(LMP2) Duqueine Team #30 Australie James Allen
0%
55eme 15eme(LMP2) Duqueine Team #30 France Jean-Baptiste Simmenauer
0%
55eme 15eme(LMP2) Duqueine Team #30 USA John Falb
0%
31eme 4eme(LMGT3) Proton Compétition #44 Royaume-Uni John Hartshorne
0%
25eme 11eme(LMP2) Nielsen Racing #24 Barbade Kyffin Simpson
0%
56eme 21eme(LMGT3) JMW Motorsport #66 Pays-Bas Larry ten Voorde
0%
21eme 7eme(LMP2) DKR Engineering #33 Allemagne Laurents Hörr
0%
23eme 9eme(LMP2) Panis Racing #65 Suisse Mathias Beche
0%
22eme 8eme(LMP2) Algarve Pro Racing #25 Liechtenstein Matthias Kaiser
0%
39eme 12eme(LMGT3) GR Racing #86 Royaume-Uni Michael Wainwright
0%
30eme 3eme(LMGT3) Proton Compétition #88 Danemark Mikkel O. Pedersen
0%
22eme 8eme(LMP2) Algarve Pro Racing #25 Royaume-Uni Olli Caldwell
0%
40eme 13eme(LMGT3) Inception Racing #70 Royaume-Uni Ollie Millroy
0%
26eme 12eme(LMP2) Cool Racing #37 Japon Ritomo Miyata
0%
23eme 9eme(LMP2) Panis Racing #65 USA Rodrigo Sales
0%
23eme 9eme(LMP2) Panis Racing #65 USA Scott Huffaker
0%
37eme 10eme(LMGT3) Akkodis ASP Team #78 Japon Takeshi Kimura
0%
16eme 2eme(LMP2) Inter Europol Competition #34 France Vladislav Lomko
0%
Aucun quiz correspondant
Distribution des résultats
% des personnes avec chaque résultat
Percentile par nombre de réponses
Votre historique - résultats
Vous n’avez pas pris ce quiz